000 00464nam a2200157Ia 4500
008 240729s9999 xx 000 0 und d
022 _a2523-1154
245 0 _aSOTL in the South
260 _aSouth Africa
260 _bUniversity of Johannesburg
650 _a History of scholarship and learning. The humanities
650 _aEducation | General Works
856 _uhttps://doaj.org/toc/a5045ff074f74247b95be2b61dada826
942 _2ddc
942 _cDOAJEJ
999 _c68838
_d68838
945 _a1
_bMadushi Gamage
_c1
_dMadushi Gamage